| 000 | 00756nam a2200229 4500 | ||
|---|---|---|---|
| 001 | 138164 | ||
| 003 | ES-MaACL | ||
| 005 | 20230906195521.0 | ||
| 007 | t| | ||
| 008 | 070214s1986 sp r ||||1| spa d | ||
| 100 | 1 |
_aSánchez Rojas, José. _9102895 |
|
| 245 | 1 | 3 |
_aEl encanto de la Vega _b: ; y otros artículos / _cJosé Sánchez Rojas ; edición de Julián Moreiro. |
| 250 | _a1ª ed. | ||
| 260 |
_aSalamanca : _bDiputación, _c1986. |
||
| 300 |
_a143 p., 2 h., 1 h. de lám. ; _c24 cm. |
||
| 490 | 1 |
_aAyuntamientos ; _v1 |
|
| 700 | 1 |
_aMoreiro, Julián. _983230 |
|
| 710 | 2 |
_aSalamanca (Provincia). _bDiputación Provincial. _96485 |
|
| 830 | 0 |
_aAyuntamientos ; _v1 _9220141 |
|
| 852 |
_aES-MaACL _jL-11091 _bR.112008 |
||
| 999 |
_c138164 _d138164 |
||